00325nam a2200133Ia 4500008004100000041000800041082001400049100001600063245002900079250000700108260003600115300003100151365000900182240624s9999 xx 000 0 und d aeng a338.7 MAN aMANEY KEVIN aMAVERICK AND HIS MACHINE a11 c2003aCanadabJohn Wiley & Sons axxv, : 185 : p. : cm. ; 22 cb30